Urbanizing world: Water shortage (Record no. 395716)

MARC details
000 -LEADER
fixed length control field 00567 a2200229 4500
005 - DATE & TIME
control field 20260202162435.0
008 - FIXED-LENGTH DATA ELEMENTS--GENERAL INFORMATION
fixed length control field 260202b |||||||| |||| 00| 0 eng d
020 ## - ISBN
International Standard Book Number 9789390013548
Price Rs. 2090.00
040 ## - CATALOGING SOURCE
Original cataloging agency VIVEKANANDA LIBRARY
082 ## - DDC NUMBER
Classification number 333.91
Book Number P272U
100 ## - MAIN ENTRY--PERSONAL NAME
Personal name Patel, Jayesh
110 ## - MAIN ENTRY--CORPORATE NAME
Corporate name
245 ## - TITLE STATEMENT
Title Urbanizing world: Water shortage
260 ## - PUBLICATION, DISTRIBUTION, ETC. (IMPRINT)
Name of publisher, distributor, etc Knowledge Bakers
Date of publication, distribution, etc 2024
Place of publication, distribution, etc Pune
300 ## - PHYSICAL DESCRIPTION
Pages ix, 185
650 ## - Subject
Subject Economics
650 ## - Subject
Subject Natural Resources
650 ## - Subject
Subject Water Resources
700 ## - Added Entry Personal Name
Added Entry Personal Name Patra, Arunima
700 ## - Added Entry Personal Name
Added Entry Personal Name Arjun Lal
942 ## - ADDED ENTRY ELEMENTS (KOHA)
Koha item type Books
Holdings
Withdrawn status Lost status Source of classification or shelving scheme Damaged status Not for loan Location (home branch) Sublocation or collection (holding branch) Shelving location Date acquired Koha issues (times borrowed) Koha full call number Accession No. Koha date last seen Koha item type
    Dewey Decimal Classification     VIVEKANANDA LIBRARY VIVEKANANDA LIBRARY Vivekananda Library 07/01/2026   333.91 P272U 444001 07/01/2026 Books
    Dewey Decimal Classification     VIVEKANANDA LIBRARY VIVEKANANDA LIBRARY Vivekananda Library 07/01/2026   333.91 P272U 444002 07/01/2026 Books
© Designed and Maintained by Vivekananda Library, MDU Rohtak